David Herbert Lawrence y México /

Guardado en:
Detalles Bibliográficos
Autor principal: Henestrosa, Mario Alejandro (autor)
Formato: Libro
Idioma:Español
Publicado: México : Secretaría de Educación Pública, Subsecretaría de Asuntos Culturales, 1968, c1968
Colección:(Cuadernos de Lectura Popular ; 137)
(Extranjeros en México)
Temas:
Etiquetas: Agrega una etiqueta
Sin etiquetas, Sé el primero en etiquetar este registro!

MARC

LEADER 00000nam^a2200000^a^4500
001 000137971
005 20250521000000.0
009 20260310095411.669
037 |a Acervo ITESO - Biblioteca 
041 |a ESP 
082 |a 808. 88  |b CUA V. 137 
100 |a Henestrosa, Mario Alejandro  |e (autor) 
245 1 0 |a David Herbert Lawrence y México /  |c M.A. Henestrosa. 
264 4 |a México :  |b Secretaría de Educación Pública, Subsecretaría de Asuntos Culturales,  |c 1968, c1968 
300 |a 51 p. 
336 |a texto  |b txt  |2 rdacontenido 
337 |a sin mediación  |b n  |2 rdamedio 
338 |a volumen  |b nc  |2 rdasoporte 
440 1 |a (Cuadernos de Lectura Popular ;  |v 137) 
440 1 |a (Extranjeros en México) 
545 0 |a Novelista y poeta, el inglés David Herbert Lawrence (1885-1930) se estableció a fines de 1922 en el sur de Estados Unidos, desde donde efectuó visitas a Londres, Nueva York y México hasta 1925. Publicada en 1926, La serpiente emplumada es una novela situada en México, con personajes mexicanos y un planteamiento sustentado en los antiguos dioses de la mitología prehispánica. Simultáneamente a la aparición de La serpiente emplumada, Lawrence escribiría en el bienio 1926-1927 su última y más célebre novela, El amante de Lady Chatterley. Apocalipsis es un ensayo escrito en 1929 sobre el texto bíblico, en el cual Lawrence busca las raíces de la crisis espiritual por la que atraviesa Occidente después de la Primera Guerra; es una crítica del poder político y una revisión de los atavismos religiosos y sus desviaciones totalitarias. Lo mejor de su poesía se encuentra en Pájaros, bestias y flores (1923). Otros de sus títulos son: Hijos y amantes (1913), El arco iris (1915), ¡Mira! Hemos cruzado hasta aquí (1917), La mujer perdida (1920) y Mujeres enamoradas (1921). 
649 |a XX 
650 |a Escritores Ingleses -  |x Biografías 
650 |a Novela Inglesa -  |x Historia y Crítica 
650 |a Literatura Inglesa -  |x Historia y Crítica 
650 |a Literatura Inglesa -  |y Siglo XX 
650 |a Mitología Azteca 
650 |a México en la Literatura 
650 |a Lawrence, D.H. -  |x Tema Principal 
910 |a Fondo Salvador Reynoso Reynoso 
920 |a Impresos - Libros 
930 |a Fondos Especiales 
940 |a Literatura 
905 |a 112 
901 |a 0800014310  |b IT2  |c ESP  |u 20250521 
902 |a https://opac.biblio.iteso.mx/vufind/Record/000137971